• 首页
  • 本馆介绍
  • 公告通知
  • 最新文献
  • 馆藏检索
  • 电子资源
  • 读者导购
  • 参考咨询
  • 我的图书馆
  • 登录
  • 期刊详细显示
  • 现刊情况显示
  • 合订本情况显示
  • 篇目信息显示

期刊信息

  • 表格格式
  • 工作单格式
  • 卡片格式
索取号 
D/GGZH
题名 
改革纵横
作者 
湖北省经济体制改革委员会
分册号 
分册名 
出版地 
武汉
出版者 
改革纵横杂志 社
标准刊号 
1007-2195
出版频率 
月刊
中图法分类 
D
主题词 
政治
电子资源 
000 00587nas0 2200193 45
001 0763953927
005 2007091717455392
011    @a1007-2195@d¥18.00
091    @aCN42-1296
100    @a20070917d km y0chiy0120 ea
101 0  @achi
200 1  @a改革纵横@AGai Ge Zong Heng@f湖北省经济体制改革委员会@FHu Bei Sheng Jing Ji Ti Zhi Gai Ge Wei Yuan Hui
210    @a武汉@c改革纵横杂志 社
326    @a月刊
606 0  @a政治
690    @aD@v4
701  0 @a湖北省经济体制改革委员会@AHu Bei Sheng Jing Ji Ti Zhi Gai Ge Wei Yuan Hui
801  0 @aCN@bPFT@c20070917
905    @a213230@dD@eGGZH
    
    改革纵横/湖北省经济体制改革委员会.-武汉:改革纵横杂志 社
    
    
    
    ISSN 1007-2195:¥18.00
    
●
相关链接: 在易读查询期刊 在中国知网中查询期刊 在万方数据查询期刊 在维普查询期刊
唐山师范学院图书馆 欢迎您!
大连网信软件有限公司© 版权所有